000 00985cab a2200229 4500
001 ABS57125
008 090401t1997 xxu||||| |||| 00| 0 eng d
035 _a(Sirsi) u79411
041 _aeng
245 _aPreparing for EMU
260 _c1997
350 _a0
490 _aBusiness Computer World
_vJune 1997, 74-78(4)
520 _aRegardless of whether the UK adopts the Euro, the time is fast approaching when every organisation will need to accommodate use of the Euro. Examines the implications of European Monetary Union for any organisation and advises on steps to be taken to update IT systems. Table sets out current scenario for implementation. The Association for Monetary Union has developed an approach to project managing the transition (http://amue.lf.net//index.htm)
650 _aEUROPEAN MONETARY UNION
650 _aIMPLEMENTATION
650 _aSOFTWARE
650 _aTIMETABLE
690 _aEUROPE-SINGLE MARKET
942 _n0
948 _c02/07/1997
999 _c49912
_d49912